000 00689nam a2200289Ia 4500
005 20260324112145.0
008 008 260324s9999 xx 000 0 eng d
020 _a9781003429517
037 _aEBOOK
040 _aCRL
040 _beng
040 _cCRL
041 _2eng
041 _aeng
084 _qCRL
100 _aSarina Theys
_91141524
245 4 _aThe Soft Power of Non-Western Small States
245 4 _bThe Cases of Bhutan and Qatar
260 _bTaylor and Francis
260 _c2024
365 _a
365 _b240
856 _uhttp://www.taylorfrancis.com/books/9781003429517
942 _cEBOOK
999 _c1730631
_d1730631